000 00643nam a2200193Ii 4500
003 JO-AjNU
008 230605s9999||||xx |||||||||||||| ||und||
040 _aJO-AjNU
_bara
_erda
_cJO-AjNU
041 _aara
050 1 4 _aBF723.E9.S47
100 3 _aسيسالم،كمال سالم,
_eauthor
_921982
245 0 0 _aالمعاقون جسميا وصحيا في المدارس العامة
264 3 1 _aالعين:دار الكتاب الجامعي ،د.ت
300 _a125ص
336 _atext
_btxt
_2rdacontent
337 _aunmediated
_bn
_2rdamedia
338 _avolume
_bnc
_2rdacarrier
650 4 _aالاطفال المعاقون
_921983
999 _aA7728
_c11296
_d11296